[Event "Reykjavik Congress"]
[Site "Reykjavik"]
[Date "2020.01.22"]
[Round "6"]
[White "Fridthofsson, Sigurjon Thor"]
[Black "Mai, Alexander Oliver"]
[Result "0-1"]
[WhiteElo "1812"]
[BlackElo "1958"]
[PlyCount "62"]
[EventDate "2020.01.05"]
[EventType "swiss"]
[EventRounds "9"]
[EventCountry "ISL"]
[SourceTitle "CBM 194 Extra"]
[Source "ChessBase"]
[SourceDate "2020.03.31"]
[SourceVersion "1"]
[SourceVersionDate "2020.03.31"]
[SourceQuality "1"]

1. c4 Nf6 2. Nc3 g6 3. g3 Bg7 4. Bg2 0-0 5. d3 d6 6. Rb1 a5 7. a3 e5 8. Nf3 Nc6 9. b4 axb4 10. axb4 Re8 11. Nd2 Qe7 12. 0-0 Bf5 13. b5 Nd8 14. Bb2 Qd7 15. Re1 Bh3 16. Bh1 h5 17. Ra1 Rxa1 18. Qxa1 Bh6 19. Nde4 Nxe4 20. Nxe4 Qe7 21. f4 Bf5 22. Bc1 Bxe4 23. Bxe4 exf4 24. gxf4 Ne6 25. f5 gxf5 26. Bxb7 Bf4 27. Bxf4 Nxf4 28. Kh1 Nxe2 29. Rf1 Qh4 30. Rf3 Kh7 31. Be4 Rxe4 0-1

[Event "Reykjavik Congress"]
[Site "Reykjavik"]
[Date "2020.01.08"]
[Round "2"]
[White "Thoroddsen, Anna Katarina"]
[Black "Fridthofsson, Sigurjon Thor"]
[Result "1/2-1/2"]
[WhiteElo "1076"]
[BlackElo "1812"]
[PlyCount "54"]
[EventDate "2020.01.05"]
[EventType "swiss"]
[EventRounds "9"]
[EventCountry "ISL"]
[SourceTitle "CBM 194 Extra"]
[Source "ChessBase"]
[SourceDate "2020.03.31"]
[SourceVersion "1"]
[SourceVersionDate "2020.03.31"]
[SourceQuality "1"]

1. Nf3 b6 2. g3 Bb7 3. Bg2 e6 4. 0-0 f5 5. d3 Nf6 6. c4 Be7 7. Nc3 0-0 8. Rb1 d6 9. Qb3 Nbd7 10. Ng5 Nc5 11. Nxe6 Nxb3 12. Nxd8 Bxg2 13. Kxg2 Nxc1 14. Ne6 Nxe2 15. Nxe2 Rfc8 16. f3 h6 17. h3 Kf7 18. N6d4 g6 19. Rfe1 c5 20. Nb5 d5 21. Nf4 d4 22. Nxg6 Kxg6 23. Rxe7 a6 24. Na7 Re8 25. Rbe1 Rxa7 26. Rxe8 Nxe8 27. Rxe8 b5 1/2-1/2

[Event "Reykjavik Congress"]
[Site "Reykjavik"]
[Date "2019.01.09"]
[Round "2"]
[White "Birkisson, Bjorn Holm"]
[Black "Fridthofsson, Sigurjon Thor"]
[Result "1-0"]
[WhiteElo "2078"]
[BlackElo "1699"]
[PlyCount "57"]
[EventDate "2019.01.06"]
[EventType "swiss"]
[EventRounds "9"]
[EventCountry "ISL"]
[SourceTitle "CBM 188 Extra"]
[Source "ChessBase"]
[SourceDate "2019.02.28"]
[SourceVersion "1"]
[SourceVersionDate "2019.02.28"]
[SourceQuality "1"]

1. e4 d6 2. d4 Nf6 3. Nc3 Nbd7 4. f4 e5 5. Nf3 exd4 6. Qxd4 c6 7. Be3 d5 8. e5 Ng4 9. Bg1 Nh6 10. 0-0-0 Nc5 11. Qd2 Bg4 12. Be2 Ne6 13. Nd4 Be7 14. Bxg4 Nxg4 15. h3 Nh6 16. Kb1 c5 17. Nf3 d4 18. Ne2 0-0 19. Ng3 Bh4 20. Ne4 Nf5 21. Nxh4 Qxh4 22. g4 Nh6 23. f5 Nxf5 24. Bf2 Qe7 25. gxf5 Nc7 26. f6 Qxe5 27. Rde1 Ne6 28. fxg7 Nxg7 29. Bh4 1-0

[Event "Reykjavik Taflfelag op"]
[Site "Reykjavik"]
[Date "2018.10.31"]
[Round "3"]
[White "Eliasson, Kristjan Orn"]
[Black "Fridthofsson, Sigurjon Thor"]
[Result "1-0"]
[WhiteElo "1818"]
[BlackElo "1599"]
[PlyCount "47"]
[EventDate "2018.10.17"]
[EventType "swiss"]
[EventRounds "7"]
[EventCountry "ISL"]
[SourceTitle "CBM 187 Extra"]
[Source "ChessBase"]
[SourceDate "2018.11.04"]
[SourceVersion "1"]
[SourceVersionDate "2018.11.04"]
[SourceQuality "1"]

1. e4 d6 2. d4 Nf6 3. Nc3 Nbd7 4. Nf3 e5 5. dxe5 dxe5 6. Bg5 Be7 7. Qd2 c6 8. 0-0-0 Qc7 9. h3 b5 10. Qe1 b4 11. Ne2 Qa5 12. Kb1 Nxe4 13. Bxe7 Kxe7 14. Ned4 exd4 15. Qxe4+ Kf8 16. Qxc6 Rb8 17. Qd6+ Kg8 18. Bc4 Qf5 19. Rhe1 g6 20. Re7 Rb6 21. Qxd4 Rf6 22. Bd3 Qf4 23. Rxd7 Bxd7 24. Qxd7 1-0